<?xml version="1.0" encoding="UTF-8"?>
<collection xmlns="http://www.loc.gov/MARC21/slim">
  <record>
    <leader>00000nam  2200000   4500</leader>
    <controlfield tag="001">INLIS000000000018285</controlfield>
    <controlfield tag="005">20240924082346</controlfield>
    <datafield tag="035" ind1="#" ind2="#">
      <subfield code="a">0010-0924000114</subfield>
    </datafield>
    <controlfield tag="007">ta</controlfield>
    <controlfield tag="008">240924###########################0######</controlfield>
    <datafield tag="245" ind1="#" ind2="#">
      <subfield code="a">SEMUT PKAT :</subfield>
      <subfield code="b">Sistem Online Layanan Mutasi Kendaraan Angkutan Darat Wajib Uji Kir /</subfield>
      <subfield code="c">Lyi. Reinhard Pelletimu, S.Sos., S.H., M.H</subfield>
    </datafield>
    <datafield tag="260" ind1="#" ind2="#">
      <subfield code="a">Makassar :</subfield>
      <subfield code="b">Puslatbang KMP LAN RI Makassar,</subfield>
      <subfield code="c">2023</subfield>
    </datafield>
    <datafield tag="300" ind1="#" ind2="#">
      <subfield code="a">58 ;</subfield>
      <subfield code="c">30</subfield>
    </datafield>
    <datafield tag="650" ind1="#" ind2="4">
      <subfield code="a">Sistem layanan pergantian plat kendaraan bermotor</subfield>
    </datafield>
    <datafield tag="700" ind1=" " ind2="#">
      <subfield code="a">Baldus Efram Gedy, S.E (Mentor)</subfield>
    </datafield>
    <datafield tag="700" ind1=" " ind2="#">
      <subfield code="a">Ahmad Sukarno Syahrir, S.IP., M.Adm., SDA (Coach)</subfield>
    </datafield>
    <datafield tag="520" ind1="#" ind2="#">
      <subfield code="a">Aksi perubahan ini dilatarbelakangi akar masalah belum adanya sistem pelayanan pergantian plat kendaraan bermotor yang mudah dan cepat. Selama ini layanan dilakukan secara manual sehingga tidak efektif dan efisien apalagi bagi masyarakat yang bermukim jauh dari&#13;
&#13;
pusat layanan puksi perubahan ini terdiri dari 9 (sembilan) milestone yaitu terbentuknya tim kerja, terwujudnya komitmen dan dukungan terbentuknya tersedianya fasilitas layananya uji coba stakeholder kendaraan bermotor, terlaksananya ujicoba aplikasi pelayanan unit kendal unit kendaraan bermotor, terlaksananya, Pelatihan bagi mutas? polterlaksananya edukasi dealer dantas Plat untaksana dan operatatkannya Aplikasi Pelayanan Metalusia dan terkendaraan Bermotor, terlaksananya Monitoring dan evaluasi, dan terlaksananya survey kepuasan masyarakat&#13;
&#13;
survey ke kegiatan aksi perubahan telah diselesaikan tepat waktu dan mencapai tujuan jangka pendek yang ditetapkan. Adapun kendala yang dihadapi selama pelaksanaan kegiatan terutama dari segi keterbatasan dihtua kesibukan kedinasan reformer maupun para stakeholder, dan terbatasnya SDM yang menguasai IT. Seluruh kendala tersebut dapat&#13;
&#13;
teratasi melalui kerjasama yang baik dengan stakeholder terkait. Aksi perubahan ini akan terus berlanjut hingga ke jangka menengah dan jangka panjang. Hal ini didukung ketersediaan anggaran yang telah disetujui pimpinan yakni Kepala Dinas Perhubungan Kabupaten Sorong untuk mengalokasikan anggaran pada tahun 2024 bagi pengembangan aplikasi SEMUT PKAT.</subfield>
    </datafield>
    <datafield tag="856" ind1="#" ind2="#">
      <subfield code="a">Puslatbang KMP LAN RI Makassar</subfield>
    </datafield>
  </record>
</collection>
